| 000 | 01408nam a22003257a 4500 | ||
|---|---|---|---|
| 001 | 12170263 | ||
| 003 | OSt | ||
| 005 | 20230221075436.0 | ||
| 008 | 160922b xxu||||| |||| 00| 0 eng d | ||
| 010 | _a 00048037 | ||
| 020 | _a0072373350 (alk. paper) | ||
| 040 |
_aMMU _cMMU _dMMU _beng |
||
| 042 | _apcc | ||
| 050 | 0 | 0 |
_aTL570 _b.A677 2001 |
| 082 | 0 | 0 |
_a629.132/3 _221 |
| 100 | 1 |
_aAnderson, John D., _cJr. _q(John David), _d1937- |
|
| 245 | 1 | 0 |
_aFundamentals of aerodynamics / _cJohn D. Anderson, Jr. |
| 250 | _a3rd ed. | ||
| 260 |
_aBoston : _bMcGraw-Hill, _cc2001. |
||
| 300 |
_axx, 892 p. : _bill. ; _c25 cm. |
||
| 440 | 0 | _aMcGraw-Hill series in aeronautical and aerospace engineering | |
| 504 | _aIncludes bibliographical references (p. 877-881) and index. | ||
| 650 | 0 | _aAerodynamics. | |
| 856 | 4 | 2 |
_3Contributor biographical information _uhttp://www.loc.gov/catdir/bios/mh042/00048037.html |
| 856 | 4 | 2 |
_3Publisher description _uhttp://www.loc.gov/catdir/description/mh021/00048037.html |
| 856 | 4 | 1 |
_3Table of contents _uhttp://www.loc.gov/catdir/toc/mh021/00048037.html |
| 906 |
_a7 _bcbc _corignew _d1 _eocip _f20 _gy-gencatlg |
||
| 942 |
_2lcc _cLOAN LOAN |
||
| 999 |
_c19091 _d19091 |
||